Programación con pascal

Bibliographic Details
Main Author: Konvalina, John
Format: Section = Libro
Language:Undetermined
Spanish
Published: México McGraw-Hill 1989
Subjects:
LEADER 00522nam a2200193Ia 4500
008 240829s9999 xx 000 0 und d
020 |a 968-422-295-5 
040 |a BIBLIOTECA-RUPAP 001.6424 K82 
041 |a spa 
082 |a 001.6424 K82 
100 1 |a Konvalina, John 
245 1 0 |a Programación con pascal 
260 |a México  |b McGraw-Hill  |c 1989 
300 |a 640 p. :il. 
650 7 |a PROGRAMACION PASCAL 
650 7 |b  COMPUTACION. I. Wileman, Stanley, coaut. II. Tít. 
942 |c BK  |2 ddc 
991 |a TEXTO 
999 |c 6998